Tennis - Le top 20 du classement ATP au 1er janvier 2011 - Statistiques

Statistiques générales
  • Ce quiz a été pris 26 fois
  • Le résultat moyen est 12 sur 20
Statistiques - réponses
Rang Joueur Pays Âge Points % Correct
3 Novak Djokovic Serbie 23 6 240
100%
1 Rafael Nadal Espagne 24 12 450
100%
4 Andy Murray Royaume-Uni 23 5 760
96%
2 Roger Federer Suisse 29 9 145
96%
12 Gael Monfils France 24 2 560
91%
13 Jo-Wilfried Tsonga France 25 2 345
91%
7 David Ferrer Espagne 28 3 735
87%
14 Marin Cilic Croatie 22 2 300
78%
6 Tomas Berdych Tchéquie 25 3 955
74%
19 John Isner États-Unis 25 1 850
70%
5 Robin Soderling Suède 26 5 580
65%
8 Andy Roddick États-Unis 28 3 665
57%
9 Fernando Verdasco Espagne 27 3 240
39%
15 Nicolas Almagro Espagne 25 2 160
39%
20 Marcos Baghdatis Chypre 25 1 785
35%
10 Mikhail Youzhny Russie 28 2 920
30%
16 Mardy Fish États-Unis 29 1 991
26%
11 Jurgen Melzer Autriche 29 2 785
22%
18 Sam Querrey États-Unis 23 1 860
17%
17 Ivan Ljubicic Croatie 31 1 965
13%
Aucun quiz correspondant
Distribution des résultats
% des personnes avec chaque résultat
Percentile par nombre de réponses
Votre historique - résultats
Vous n’avez pas pris ce quiz